000 00280nam a2200121 i 4500
001 bg
245 0 _aPodstawy automatyki /
_cpod red. W. Chotkowskiego.
260 _aGdaƄsk,
_c1981.
040 _cBPK
041 _apol
942 _cKS
008 s pl f |000 0 pol
999 _c20361
_d20361
856 _uhttp://koha.tu.koszalin.pl/cgi-bin/koha/opac-detail.pl?biblionumber=20361
_yKatalog online BPK